Quel pays se cache dans ces lettres ? - Statistiques

Statistiques générales
  • Ce quiz a été pris 850 fois
  • Le résultat moyen est 4 sur 8
Statistiques - réponses
Pays % Correct
Madagascar
81%
Guatemala
74%
Hongrie
59%
Seychelles
57%
Birmanie
55%
Colombie
41%
Slovaquie
41%
Vatican
26%
Aucun quiz correspondant
Distribution des résultats
% des personnes avec chaque résultat
Percentile par nombre de réponses
Votre historique - résultats
Vous n’avez pas pris ce quiz